The development of social cognition

Αποθηκεύτηκε σε:
Λεπτομέρειες βιβλιογραφικής εγγραφής
Άλλοι συγγραφείς: Hala, Suzanne 1954- (Επιμελητής έκδοσης)
Μορφή: Βιβλίο
Γλώσσα:English
Δημοσίευση: Hove : Psychology Press, 1997
Θέματα:
Ετικέτες: Προσθήκη ετικέτας
Δεν υπάρχουν, Καταχωρήστε ετικέτα πρώτοι!

MARC

LEADER 00000nam a2200000 i 4500
001 1/98503
008 000121s1997 eng d
020 |a 0-86377-497-0 
035 |l 10056536 
040 |a GR-MY-UA  |b gre  |e aacr 
041 0 |a eng 
082 0 |a 302.12 
245 1 4 |a The development of social cognition /  |c edited by Suzanne Hala 
260 |a Hove :   |b Psychology Press,   |c 1997 
300 |a 408 p. 
650 0 0 |a Social perception. 
650 0 0 |a Social perception in children. 
700 1 |a Hala, Suzanne  |d 1954-  |4 edt 
852 |a INST  |b RHODES  |e 20000121  |h 302.12 DEV  |p 005400012964  |q 005400012964  |t BK  |y 0 
901 |a BIBL4-2000-1 
909 |a Ρ  |b 071113 
922 |a 4ΕΛΗ  |b 199911  |c ΚΠΣ/154  |d GLORY BOOKS 
970 |a ΚΟΥΛΑΚΙΟΤΗ  |b ΛΙΤΣΑ  |z 2000/01/21